000 00315nmm a2200145 a 4500
003 AR-BaBNM
005 20251128203146.0
008 103119s1909 ||||||||||||||000 | spa||
040 _cAR-BaBNM
100 1 _aOlivera, Carlos
245 1 0 _aMedallas
260 _a[S.l.]
_bSesé
_c1909
942 _cBK
998 _cGiles
999 _c2170
_d2170